000 00647nam a2200181 i 4500
001 141466
003 ES-MaACL
007 t|
008 070924s1953 sp ||||1| spa d
100 1 _aVillaverde Parrondo, Manuel.
_9115188
245 1 3 _aEl oficial de notaría
_b: (doctrina y formularios para redactar documentos) /
_cManuel Villaverde Parrondo, Pedro Antonio López Cruz.
260 _aMadrid :
_b[s.n.],
_c1953 (
_fArtes Gráfs. Julio San Martín)
300 _a403 p. ;
_c22 cm.
650 1 7 _aNotariado
_2embne
_915597
700 1 _aLópez Cruz, Pedro Antonio.
_973518
852 _aES-MaACL
_jC-5856
_bR.35396
999 _c141466
_d141466